000 00291nam a22001337a 4500
008 170324b xxu||||| |||| 00| 0 eng d
020 _a9781609139629
041 _aeng
080 _23 ED
_a611
100 _a6
101 _aSHM
245 _aSECTIONAL ANATOMY
_cMADDEN.M.E
942 _2udc
_cBK
999 _c8645
_d8645